| Tag |
First Indicator |
Second Indicator |
Subfields |
| LEADER |
00000cam a2200000 a 4500 |
| 001 |
in00000970657 |
| 005 |
20250213154113.8 |
| 008 |
900424d19900200txua t s000 0 eng d |
| 035 |
|
|
|a (OCoLC)21420835
|
| 035 |
|
|
|9 AEW8289AM
|
| 040 |
|
|
|a IKM
|c IKM
|d UtOrBLW
|
| 049 |
|
|
|a TXAM
|a TXAS [tamu]
|
| 086 |
|
|
|a R800.8 L7865
|2 txdocs
|
| 090 |
|
|
|a HD9715.U53
|b T42 1990
|
| 100 |
1 |
|
|a Harris, Jack C.,
|d 1945-
|
| 245 |
1 |
0 |
|a Local construction cycles /
|c Jack C. Harris.
|
| 264 |
|
1 |
|a College Station, Tex. :
|b Real Estate Center, Texas A&M University,
|c [1990]
|
| 300 |
|
|
|a iii, 13 pages :
|b illustrations ;
|c 28 cm.
|
| 336 |
|
|
|a text
|b txt
|2 rdacontent
|
| 337 |
|
|
|a unmediated
|b n
|2 rdamedia
|
| 338 |
|
|
|a volume
|b nc
|2 rdacarrier
|
| 490 |
1 |
|
|a Technical report
|
| 500 |
|
|
|a "February 1990."
|
| 500 |
|
|
|a Cover title.
|
| 504 |
|
|
|a Includes bibliographical references (page 13).
|
| 650 |
|
0 |
|a Construction industry
|z Texas.
|
| 651 |
|
0 |
|a Texas
|x Economic conditions.
|
| 650 |
|
0 |
|a Housing
|z Texas.
|
| 710 |
2 |
|
|a Texas A & M University.
|b Real Estate Center.
|
| 830 |
|
0 |
|a Technical report (Texas A & M University. Real Estate Center)
|
| 999 |
|
|
|a MARS
|
| 999 |
f |
f |
|s e5e8ce73-073d-34ea-97e6-b4ed9e01c413
|i 62c0d2a7-7d21-3178-a255-2d0b5cf0f9ef
|t 0
|
| 952 |
f |
f |
|p ric
|a Texas A&M University
|b Rellis Campus
|c Joint Library Facility
|d Remote Storage
|t 0
|e HD9715.U53 T42 1990
|h Library of Congress classification
|i unmediated -- volume
|m A14813749288
|
| 952 |
f |
f |
|p noncirc
|a Texas A&M University
|b College Station
|c Cushing Memorial Library & Archives
|d Cushing: Texas A&M (Does not check out)
|t 0
|e HD9715.U53 T42 1990
|h Library of Congress classification
|i unmediated -- volume
|
| 998 |
f |
f |
|a HD9715.U53 T42 1990
|t 0
|l Cushing: Texas A&M (Does not check out)
|
| 998 |
f |
f |
|a HD9715.U53 T42 1990
|t 0
|l Remote Storage
|